[Event "Leiden SB-chB"]
[Site "Leiden"]
[Date "2014.05.13"]
[Round "1"]
[White "Schenkelaars, Robin"]
[Black "Brandt, Jan"]
[Result "1-0"]
[WhiteElo "1513"]
[BlackElo "1789"]
[PlyCount "75"]
[EventDate "2014.05.13"]
[EventType "swiss"]
[EventRounds "7"]
[EventCountry "NED"]
[SourceTitle "EXT 2015"]
[Source "ChessBase"]
[SourceDate "2014.11.20"]
[SourceVersion "1"]
[SourceVersionDate "2014.11.20"]
[SourceQuality "1"]

1. e4 e5 2. Nf3 Nc6 3. Bc4 Nf6 4. Ng5 d5 5. exd5 Na5 6. Bb5+ c6 7. dxc6 bxc6 8. Ba4 h6 9. Nf3 e4 10. Qe2 Be7 11. Ne5 Qd6 12. Nc4 Nxc4 13. Qxc4 Bd7 14. Nc3 0-0 15. Nxe4 Nxe4 16. Qxe4 Bf6 17. 0-0 Rfe8 18. Qf3 Re5 19. d3 Rf5 20. Qd1 Qd4 21. c3 Qh4 22. Be3 Rh5 23. h3 Re8 24. Bb3 Be5 25. Qf3 Rf5 26. Qg4 Qf6 27. Bxa7 h5 28. Qc4 Rf4 29. d4 Qg6 30. Ba4 Bc7 31. Rae1 Ra8 32. Qc5 Bxh3 33. Qxc6 Rxa7 34. Qxg6 fxg6 35. Bb3+ Kf8 36. gxh3 g5 37. Re3 h4 38. Rfe1 1-0